Malka e Kainat salawatullah alaiha / (Record no. 603142)

000 -LEADER
fixed length control field 00366nam a22001337a 4500
082 ## - DEWEY DECIMAL CLASSIFICATION NUMBER
Classification number 297.642
Author Mark JAF
100 ## - MAIN ENTRY--PERSONAL NAME
Personal name Irshad ul Asr Jaffary
245 ## - TITLE STATEMENT
Title Malka e Kainat salawatullah alaiha /
Statement of responsibility, etc. Irshad ul Asr Jaffary
260 ## - PUBLICATION, DISTRIBUTION, ETC.
Place of publication, distribution, etc. Islamabad:
Name of publisher, distributor, etc. Mubashra trust;
Date of publication, distribution, etc. 2019.
300 ## - PHYSICAL DESCRIPTION
Extent 144p.
563 ## - BINDING INFORMATION
Binding note HB
650 ## - SUBJECT ADDED ENTRY--TOPICAL TERM
Topical term or geographic name entry element Azwaj e Mutaharat
942 ## - ADDED ENTRY ELEMENTS (KOHA)
Source of classification or shelving scheme
Koha item type Book
650 ## - SUBJECT ADDED ENTRY--TOPICAL TERM
-- 118108
Holdings
Withdrawn status Lost status Source of classification or shelving scheme Damaged status Not for loan Permanent Location Current Location Date acquired Source of acquisition Total Checkouts Full call number Barcode Date last seen Price effective from Koha item type
          Central Library (CL) Central Library (CL) 09/23/2023 Donation   297.642 JAF CL-D-2458 09/23/2023 09/23/2023 Book
© 2023 Central Library, National University of Sciences and Technology. All Rights Reserved.